Language Quiz

Random Language or Letter Quiz

One Letter Front & Back Quiz Stats

 Plays Quiz Updated Jan 1, 2018

Score 0/18 Timer 04:00
10 Plays Today
% Correct
H
93.9%
S
92.2%
E
90.5%
M
89.1%
D
88%
A
86.9%
G
86.3%
L
83.8%
I
80.7%
% Correct
R
79.1%
P
78.8%
Y
77.5%
T
76%
B
74.9%
N
71.7%
C
66.6%
W
57.3%
O
43.9%

You're not logged in!

Compare scores with friends on all Sporcle quizzes.
OR
Log In

You Might Also Like...

Show Comments

Extras

Top Quizzes Today


Score Distribution

Your Account Isn't Verified!

In order to create a playlist on Sporcle, you need to verify the email address you used during registration. Go to your Sporcle Settings to finish the process.

Report this User

Report this user for behavior that violates our Community Guidelines.

Details: